[Event "SG Porz 2 - Aachener SV 1"]
[Site "Oberliga NRW 2012/2013"]
[Date "2012.12.16"]
[Round "4.6"]
[White "Xu, Xianliang"]
[Black "Begnis, Nikolaos"]
[Result "0-1"]
[WhiteElo "2019"]
[BlackElo "2243"]
[PlyCount "52"]
[EventDate "2012.??.??"]
[WhiteTeam "SG Porz 2"]
[BlackTeam "Aachener SV 1"]

1. e4 c5 2. c3 e6 3. d4 d5 4. exd5 exd5 5. Be3 Qb6 6. Qb3 c4 7. Qc2 Bd6 8. Nd2
Ne7 9. Be2 Bf5 10. Qc1 O-O 11. Ngf3 Qc7 12. h3 Ng6 13. O-O Nc6 14. Re1 Rae8 15.
Bd1 Qd7 16. Bc2 Bxh3 17. gxh3 Qxh3 18. Bd1 Nh4 19. Nxh4 Bh2+ 20. Kh1 Bg3+ 21.
Kg1 Qh2+ 22. Kf1 Rxe3 23. fxg3 Qh1+ 24. Kf2 Qxe1+ 25. Kg2 Rxg3+ 26. Kh2 Qg1#
0-1

[Event "SG Porz 2 - Aachener SV 1"]
[Site "Oberliga NRW 2012/2013"]
[Date "2012.12.16"]
[Round "4.7"]
[White "Dischinger, Frank"]
[Black "Pauly, Carlo"]
[Result "0-1"]
[WhiteElo "2117"]
[BlackElo "2076"]
[Annotator "Doe,John"]
[PlyCount "74"]
[EventDate "2012.??.??"]
[WhiteTeam "Aachener SV 1"]
[BlackTeam "SG Porz 2"]

1. e4 c5 2. Nf3 d6 3. d4 cxd4 4. Nxd4 Nf6 5. f3 e6 6. c4 b6 7. Nc3 Bb7 8. Be3
Nbd7 9. Rc1 Be7 10. Be2 O-O 11. O-O a6 12. Qd2 Qc7 13. Rfd1 Rac8 14. Bf1 Qb8
15. Qf2 Bd8 16. b4 Bc7 17. Qh4 Ne5 18. Kh1 Bd8 19. Qh3 Nxc4 20. Bf2 Kh8 21. b5
$11 a5 22. Na4 d5 23. exd5 Bxd5 24. Nc6 Bxc6 25. Rxc4 Bd5 26. Rh4 Bxa2 27. Bd3
g6 28. Bd4 e5 29. Bxe5 Qxe5 30. Qxc8 g5 31. Rh6 Bb3 32. Qh3 Ng4 33. Rxh7+ Kg8
34. Qxg4 Bxd1 35. Be4 Bxa4 36. h4 Bc7 37. f4 Qxe4 0-1

[Event "SG Porz 2 - Aachener SV 1"]
[Site "Oberliga NRW 2012/2013"]
[Date "2012.12.16"]
[Round "4.8"]
[White "Evers, Leo"]
[Black "Titgemeyer, Sven"]
[Result "1-0"]
[WhiteElo "2033"]
[BlackElo "1963"]
[PlyCount "93"]
[EventDate "2012.??.??"]
[WhiteTeam "SG Porz 2"]
[BlackTeam "Aachener SV 1"]

1. d4 Nf6 2. c4 c5 3. d5 b5 4. cxb5 a6 5. f3 d6 6. e4 Nbd7 7. a4 axb5 8. Bxb5
Ba6 9. Na3 g6 10. Ne2 Bg7 11. Nc3 O-O 12. O-O Qb6 13. Be3 Ne5 14. Rc1 Qa5 15.
b3 Qb4 16. Bxa6 Rxa6 17. Ncb5 Qa5 18. Kh1 Rc8 19. Bd2 Qb6 20. Bc3 Ne8 21. f4
Nd7 22. Nc4 Qb8 23. Na5 Bxc3 24. Nc6 Qb7 25. Nxe7+ Kf8 26. Nxc8 Bf6 27. Nca7
Rxa7 28. Nxa7 Qxa7 29. Qd3 Qb7 30. Rfe1 Kg7 31. Qg3 Bd4 32. Re2 Nc7 33. Rd2 Nf6
34. Rxd4 cxd4 35. Qd3 Qb6 36. Rc6 Qb4 37. h3 Nce8 38. Rc1 Nd7 39. Rc4 Qb6 40.
b4 Nc7 41. Qxd4+ Qxd4 42. Rxd4 Kf6 43. Rc4 Na6 44. e5+ dxe5 45. Rc6+ Kf5 46.
Rxa6 Kxf4 47. Ra7 1-0

[Event "SC Hansa Dortmund 2 - SF Katernberg 2"]
[Site "Oberliga NRW 2012/2013"]
[Date "2012.12.16"]
[Round "4.1"]
[White "Scholz, Christian"]
[Black "Karger, Frank"]
[Result "1-0"]
[WhiteElo "2363"]
[BlackElo "2245"]
[PlyCount "51"]
[EventDate "2012.??.??"]
[WhiteTeam "SF Katernberg 2"]
[BlackTeam "SC Hansa Dortmund 2"]

1. d4 Nf6 2. c4 g6 3. Nc3 Bg7 4. e4 d6 5. Nf3 O-O 6. h3 e5 7. d5 a5 8. Be3 h6
9. Qd2 Kh7 10. g4 Ng8 11. Bd3 Na6 12. O-O-O Nc5 13. Bc2 b6 14. Rdg1 Ba6 15. b3
Rb8 16. a4 Bc8 17. h4 f5 18. Ng5+ Kh8 19. gxf5 gxf5 20. exf5 Qf6 21. Nce4 Nxe4
22. Nxe4 Qf7 23. f6 Nxf6 24. Bxh6 Bxh6 25. Qxh6+ Nh7 26. Nf6 1-0

[Event "SC Hansa Dortmund 2 - SF Katernberg 2"]
[Site "Oberliga NRW 2012/2013"]
[Date "2012.12.16"]
[Round "4.2"]
[White "Rumpf, Thomas"]
[Black "Hoolt, Sarah"]
[Result "0-1"]
[WhiteElo "2085"]
[BlackElo "2244"]
[PlyCount "72"]
[EventDate "2012.??.??"]
[WhiteTeam "SC Hansa Dortmund 2"]
[BlackTeam "SF Katernberg 2"]

1. e4 c5 2. Nf3 e6 3. c3 Nf6 4. Bd3 d5 5. e5 Nfd7 6. O-O b6 7. Re1 Ba6 8. Bxa6
Nxa6 9. d4 Be7 10. a3 O-O 11. b4 Nc7 12. Nbd2 Qc8 13. Nf1 h6 14. Ng3 a5 15.
bxc5 bxc5 16. a4 Nb6 17. Ba3 Nc4 18. Bxc5 Bxc5 19. dxc5 Na6 20. c6 Qxc6 21. Nd4
Qd7 22. Nh5 Kh8 23. Qg4 Rg8 24. Qh3 Qe7 25. f4 Nc5 26. Nf6 Rgc8 27. g4 Qf8 28.
Nh5 Rab8 29. Ra2 Rb2 30. Rxb2 Nxb2 31. g5 Ncd3 32. gxh6 g6 33. Re3 gxh5 34. Rg3
Nxf4 35. Qh4 Qxh6 36. Rg5 Qxg5+ 0-1

[Event "SC Hansa Dortmund 2 - SF Katernberg 2"]
[Site "Oberliga NRW 2012/2013"]
[Date "2012.12.16"]
[Round "4.3"]
[White "Villwock, Martin"]
[Black "Sundorf, Jannik"]
[Result "0-1"]
[WhiteElo "2141"]
[BlackElo "2165"]
[PlyCount "92"]
[EventDate "2012.??.??"]
[WhiteTeam "SF Katernberg 2"]
[BlackTeam "SC Hansa Dortmund 2"]

1. e4 c5 2. d4 cxd4 3. c3 d3 4. Bxd3 Nc6 5. Nf3 g6 6. O-O Bg7 7. Bc4 Nf6 8. e5
Ng4 9. Bf4 O-O 10. Re1 Qc7 11. Qe2 d6 12. exd6 exd6 13. Na3 a6 14. Rad1 Nge5
15. h3 b5 16. Bd5 Bb7 17. Qd2 Rfe8 18. Nc2 Rac8 19. Ne3 Na5 20. Ng5 h6 21. Ne4
Kh7 22. Bxb7 Nxb7 23. Nd5 Qd8 24. Bg3 f5 25. Bxe5 dxe5 26. Ng3 Re6 27. Qc2 Rd6
28. Nb4 a5 29. Nd3 Rc7 30. f4 Rcd7 31. Nf2 exf4 32. Ne2 Rxd1 33. Rxd1 Rxd1+ 34.
Nxd1 Qd6 35. Nf2 Nc5 36. b4 axb4 37. cxb4 Ne6 38. Qb3 Nd4 39. Nxd4 Qxd4 40. h4
h5 41. Qd3 Qxb4 42. Nh3 Qe1+ 43. Kh2 Qxh4 44. Qxb5 Qg3+ 45. Kh1 f3 46. Qd5
Qxg2# 0-1

[Event "SC Hansa Dortmund 2 - SF Katernberg 2"]
[Site "Oberliga NRW 2012/2013"]
[Date "2012.12.16"]
[Round "4.4"]
[White "Rempel, Eugen"]
[Black "Rosen, Willy"]
[Result "0-1"]
[WhiteElo "2115"]
[BlackElo "2199"]
[PlyCount "70"]
[EventDate "2012.??.??"]
[WhiteTeam "SC Hansa Dortmund 2"]
[BlackTeam "SF Katernberg 2"]

1. e4 c5 2. Nf3 Nc6 3. d4 cxd4 4. Nxd4 Qb6 5. Nb3 Nf6 6. Nc3 e6 7. a3 Qc7 8. g3
a6 9. Bg2 b5 10. O-O Rb8 11. Re1 d6 12. a4 b4 13. Nd5 exd5 14. exd5+ Ne5 15. f4
Be7 16. fxe5 dxe5 17. Rxe5 Qxe5 18. Bf4 Qxb2 19. d6 Bd8 20. Qe2+ Kf8 21. d7
Bxd7 22. Bxb8 Qc3 23. Be5 Qc8 24. Bd6+ Kg8 25. Bxb4 Bb6+ 26. Kh1 h5 27. Be1 Kh7
28. Bf2 Re8 29. Qf1 Bxf2 30. Qxf2 Qc4 31. Nd4 Qc3 32. Rf1 Bxa4 33. Nf5 Bb5 34.
Rc1 Ng4 35. Qd4 Re1+ 0-1

[Event "SC Hansa Dortmund 2 - SF Katernberg 2"]
[Site "Oberliga NRW 2012/2013"]
[Date "2012.12.16"]
[Round "4.5"]
[White "Gassmann, Volker"]
[Black "Schiefelbusch, Dirk"]
[Result "1/2-1/2"]
[WhiteElo "2141"]
[BlackElo "2061"]
[Annotator "Doe,John"]
[PlyCount "100"]
[EventDate "2012.??.??"]
[WhiteTeam "SF Katernberg 2"]
[BlackTeam "SC Hansa Dortmund 2"]

1. c4 c6 2. Nf3 d5 3. e3 Nf6 4. Nc3 Bf5 5. Qb3 Qb6 6. Nd4 Bd7 7. Qxb6 axb6 8.
cxd5 cxd5 9. Ndb5 Kd8 10. b3 e6 11. Bb2 Bc5 12. Be2 Nc6 13. O-O Na7 14. a3 Nxb5
15. Nxb5 Ra5 16. Nd4 Ra8 17. b4 Bd6 18. f4 Ke7 19. g4 h6 20. h3 Ne4 21. Nf3 Ng3
22. Rfe1 Nxe2+ 23. Rxe2 f6 24. Rg2 g5 25. h4 gxf4 26. g5 hxg5 27. hxg5 fxg5 28.
Bxh8 Rxh8 29. Nxg5 Ra8 30. exf4 Bxb4 31. Re1 Bc5+ 32. Kh2 Kf6 33. Nh7+ Kf7 34.
Ng5+ Kf6 35. Rge2 Rxa3 36. Nxe6 Bd6 37. Kg2 Rd3 38. Rh1 Bxe6 39. Rh6+ Kf5 40.
Rhxe6 Bxf4 41. Rxb6 Rxd2 42. Rxd2 Bxd2 43. Kf3 d4 44. Rb5+ Ke6 45. Ke4 Be3 46.
Rxb7 Kd6 $11 47. Rb5 Bf2 48. Rf5 Be3 49. Rf8 Ke6 50. Ra8 Kd6 1/2-1/2

[Event "SC Hansa Dortmund 2 - SF Katernberg 2"]
[Site "Oberliga NRW 2012/2013"]
[Date "2012.12.16"]
[Round "4.6"]
[White "Linker, Walter"]
[Black "Wessendorf, Thomas"]
[Result "0-1"]
[WhiteElo "2026"]
[BlackElo "2206"]
[PlyCount "70"]
[EventDate "2012.??.??"]
[WhiteTeam "SC Hansa Dortmund 2"]
[BlackTeam "SF Katernberg 2"]

1. b3 e5 2. Bb2 Nc6 3. e3 Nf6 4. Nf3 e4 5. Nd4 Bc5 6. Be2 Nxd4 7. exd4 Bb6 8.
c4 c6 9. O-O O-O 10. d3 d5 11. Na3 Re8 12. Nc2 Bc7 13. Ne3 Qd6 14. g3 Bh3 15.
Re1 Ba5 16. Rf1 Bxf1 17. Qxf1 Qe6 18. Rd1 a6 19. dxe4 Nxe4 20. Bg4 Qd6 21. Qg2
g6 22. Bf3 f5 23. Be2 b5 24. Bd3 Rab8 25. Bc1 Rb7 26. Nc2 bxc4 27. bxc4 Rb1 28.
Ne3 Ra1 29. Bxe4 Rxe4 30. Qf1 Rxa2 31. c5 Qd7 32. Qxa6 f4 33. gxf4 Rxe3 34.
Bxe3 Qg4+ 35. Kf1 Qxd1+ 0-1

[Event "SC Hansa Dortmund 2 - SF Katernberg 2"]
[Site "Oberliga NRW 2012/2013"]
[Date "2012.12.16"]
[Round "4.7"]
[White "Valkyser, Martin"]
[Black "Prueske, Wolfgang"]
[Result "1-0"]
[WhiteElo "2180"]
[BlackElo "2005"]
[PlyCount "53"]
[EventDate "2012.??.??"]
[WhiteTeam "SF Katernberg 2"]
[BlackTeam "SC Hansa Dortmund 2"]

1. d4 d5 2. c4 Nc6 3. Nf3 Bg4 4. Nc3 e6 5. e3 Bb4 6. a3 Bxc3+ 7. bxc3 Nf6 8.
cxd5 exd5 9. c4 O-O 10. Bb2 Re8 11. Rc1 Ne7 12. cxd5 Nexd5 13. Be2 Qe7 14. h3
Bh5 15. Ne5 Bxe2 16. Qxe2 Nd7 17. O-O Nxe5 18. dxe5 Rad8 19. f4 Qh4 20. Qf3 c6
21. e4 Nb6 22. f5 Qe7 23. f6 Qe6 24. Qg3 g6 25. Qg5 Kh8 26. Rf4 Rg8 27. Rh4 1-0

[Event "SC Hansa Dortmund 2 - SF Katernberg 2"]
[Site "Oberliga NRW 2012/2013"]
[Date "2012.12.16"]
[Round "4.8"]
[White "Kloster, Josef"]
[Black "Mueller-Clostermann, Bruno"]
[Result "1/2-1/2"]
[WhiteElo "2028"]
[BlackElo "2111"]
[PlyCount "84"]
[EventDate "2012.??.??"]
[WhiteTeam "SC Hansa Dortmund 2"]
[BlackTeam "SF Katernberg 2"]

1. d4 f5 2. Nf3 Nf6 3. c4 e6 4. Nc3 Bb4 5. Bd2 O-O 6. a3 Bxc3 7. Bxc3 Ne4 8.
Qc2 b6 9. e3 Bb7 10. b3 d6 11. Rd1 Nd7 12. Bb2 Ndf6 13. Be2 Ng4 14. O-O Rf6 15.
h3 Nh6 16. d5 Rg6 17. Rd4 Nf7 18. Bd3 Nfg5 19. Bxe4 Nxe4 20. Kh2 e5 21. Rdd1
Qe7 22. Qe2 Rf8 23. Rg1 Bc8 24. Nd2 Nf6 25. g3 Rh6 26. f3 g5 27. Kg2 Rg6 28.
Rde1 h5 29. Kh2 g4 30. fxg4 hxg4 31. h4 Nh5 32. Ref1 Kh7 33. Rg2 Bd7 34. Rgf2
Rh6 35. Rh1 f4 36. exf4 Nxf4 37. Qf1 Ng6 38. Rxf8 Nxf8 39. Qd3+ Kg8 40. Rf1 Rf6
41. Ne4 Rxf1 42. Qxf1 Qf7 1/2-1/2

[Event "SF Katernberg 2 - SV Mülheim-Nord 2"]
[Site "Oberliga NRW 2012/2013"]
[Date "2013.01.20"]
[Round "5.1"]
[White "Levin, Felix"]
[Black "Kotainy, Jens"]
[Result "1/2-1/2"]
[WhiteElo "2496"]
[BlackElo "2406"]
[Annotator "Doe,John"]
[PlyCount "84"]
[EventDate "2013.??.??"]
[WhiteTeam "SV Mülheim-Nord 2"]
[BlackTeam "SF Katernberg 2"]

1. d4 Nf6 2. c4 e6 3. Nf3 c5 4. Nc3 cxd4 5. Nxd4 a6 6. Bg5 Be7 7. Nf3 h6 8. Bf4
d5 9. e3 O-O 10. cxd5 Nxd5 11. Nxd5 exd5 12. Bd3 Bb4+ 13. Ke2 Nc6 14. Bc2 Qf6
15. a3 Re8 16. Qd3 g5 17. Bg3 Ba5 18. Rhd1 g4 19. Nd4 Nxd4+ 20. Qxd4 Bd8 21.
Rab1 Qxd4 22. Rxd4 Be6 23. Rd2 Bf6 24. Kf1 d4 25. exd4 Rad8 26. Rbd1 $11 Bc4+
27. Bd3 Rxd4 28. Bxc4 Rxc4 29. b3 Rc3 30. Rd3 Rxd3 31. Rxd3 Kg7 32. Bf4 h5 33.
h3 Kg6 34. hxg4 hxg4 35. Rd7 Re7 36. Rxe7 Bxe7 37. a4 Kf5 38. Be3 Ke5 39. Ke2
Kd5 40. f3 gxf3+ 41. gxf3 Bc5 42. Bd2 Bd4 1/2-1/2

[Event "SF Katernberg 2 - SV Mülheim-Nord 2"]
[Site "Oberliga NRW 2012/2013"]
[Date "2013.01.20"]
[Round "5.2"]
[White "Scholz, Christian"]
[Black "Rezasade, Amir"]
[Result "1-0"]
[WhiteElo "2363"]
[BlackElo "2302"]
[PlyCount "65"]
[EventDate "2013.??.??"]
[WhiteTeam "SF Katernberg 2"]
[BlackTeam "SV Mülheim-Nord 2"]

1. d4 Nf6 2. c4 g6 3. Nc3 d5 4. Bf4 Bg7 5. e3 c5 6. dxc5 Qa5 7. Rc1 dxc4 8.
Bxc4 O-O 9. Nf3 Qxc5 10. Qb3 Qa5 11. Ne5 e6 12. Be2 Rd8 13. O-O Nc6 14. Nc4 Qb4
15. Qxb4 Nxb4 16. Bc7 Rd7 17. Bg3 Nfd5 18. Nxd5 exd5 19. Nd6 Rd8 20. a3 Nc6 21.
Rc2 Ne5 22. Rfc1 Rxd6 23. Rxc8+ Rd8 24. Rxa8 Rxa8 25. Rc7 b6 26. b3 a5 27. f4
a4 28. fxe5 axb3 29. Rb7 Rxa3 30. Rxb6 Bf8 31. Rb8 Kg7 32. e6 fxe6 33. Be5+ 1-0

[Event "SF Katernberg 2 - SV Mülheim-Nord 2"]
[Site "Oberliga NRW 2012/2013"]
[Date "2013.01.20"]
[Round "5.3"]
[White "Schoorl, Rob"]
[Black "Rosen, Bernd"]
[Result "1/2-1/2"]
[WhiteElo "2370"]
[BlackElo "2255"]
[Annotator "Doe,John"]
[PlyCount "81"]
[EventDate "2013.??.??"]
[WhiteTeam "SV Mülheim-Nord 2"]
[BlackTeam "SF Katernberg 2"]

1. e4 e6 2. d4 d5 3. e5 c5 4. c3 Qb6 5. Nf3 Nc6 6. a3 Nh6 7. b4 cxd4 8. cxd4
Nf5 9. Bb2 Bd7 10. g4 Nfe7 11. Nc3 Na5 12. Nd2 Rc8 13. Rc1 Ng6 14. h4 Be7 15.
g5 O-O 16. Qg4 Bxb4 17. axb4 Qxb4 18. Rb1 Nxe5 19. Qg3 Nec4 20. Bc1 Qd6 21.
Bxc4 Qxg3 22. fxg3 dxc4 23. O-O Bc6 24. Rb4 b5 25. Bb2 Rfd8 26. Ra1 Nb7 27.
Rxa7 Nd6 28. Ra6 Nf5 29. d5 exd5 30. Nxb5 Bxb5 31. Rxb5 c3 32. Bxc3 Rxc3 33.
Rxd5 Rcc8 34. Rxd8+ Rxd8 35. Ne4 h6 $11 36. Ra5 Re8 37. Rxf5 Rxe4 38. gxh6 gxh6
39. Kg2 Kg7 40. Kf3 Ra4 41. Re5 1/2-1/2

[Event "SF Katernberg 2 - SV Mülheim-Nord 2"]
[Site "Oberliga NRW 2012/2013"]
[Date "2013.01.20"]
[Round "5.4"]
[White "Villwock, Martin"]
[Black "Hausrath, Daniel"]
[Result "0-1"]
[WhiteElo "2141"]
[BlackElo "2466"]
[PlyCount "104"]
[EventDate "2013.??.??"]
[WhiteTeam "SF Katernberg 2"]
[BlackTeam "SV Mülheim-Nord 2"]

1. e4 c6 2. d4 d5 3. e5 Bf5 4. h4 h6 5. g4 Bd7 6. c4 Qc8 7. cxd5 cxd5 8. Be2 e6
9. Nc3 Bb4 10. Bd2 Nc6 11. a3 Bxc3 12. Bxc3 Nge7 13. Nf3 Qc7 14. Rc1 Qb6 15.
Qd2 a5 16. h5 a4 17. Qf4 Na5 18. Nd2 Rc8 19. O-O Bb5 20. Bxa5 Qxa5 21. Rxc8+
Nxc8 22. Rc1 Bc6 23. Rc3 Ne7 24. Rf3 Rf8 25. b4 axb3 26. Rxb3 Kd7 27. Qe3 Rc8
28. Rb4 Ke8 29. Qb3 Kf8 30. Nb1 Be8 31. Nc3 Nc6 32. Ra4 Nxd4 33. Rxd4 Qxc3 34.
Qxb7 Qxd4 35. Qxc8 Qe4 36. Qc5+ Kg8 37. Qe7 Ba4 38. Qa7 Bc6 39. Qe3 Qb1+ 40.
Kh2 Qb2 41. Bd3 d4 42. Qf4 Qc3 43. Be4 d3 44. Bxc6 Qxc6 45. g5 hxg5 46. Qxg5
Kh7 47. Qf4 Qd7 48. Qe4+ Kh6 49. Kg3 d2 50. Qf4+ Kh7 51. Qe4+ g6 52. hxg6+ fxg6
0-1

[Event "SF Katernberg 2 - SV Mülheim-Nord 2"]
[Site "Oberliga NRW 2012/2013"]
[Date "2013.01.20"]
[Round "5.5"]
[White "Zwirs, Nico"]
[Black "Rosen, Willy"]
[Result "1-0"]
[WhiteElo "2248"]
[BlackElo "2199"]
[PlyCount "55"]
[EventDate "2013.??.??"]
[WhiteTeam "SV Mülheim-Nord 2"]
[BlackTeam "SF Katernberg 2"]

1. e4 c5 2. Nf3 Nc6 3. d4 cxd4 4. Nxd4 Qb6 5. Nb3 Nf6 6. Nc3 e6 7. Bd3 Bb4 8.
O-O Bxc3 9. bxc3 O-O 10. Ba3 Rd8 11. Bd6 Ne8 12. Bc5 Qc7 13. f4 f6 14. Qh5 d6
15. Be3 Qf7 16. Qh4 b6 17. a4 Ne7 18. a5 Rb8 19. axb6 axb6 20. Qf2 Bb7 21. Bxb6
Rdc8 22. Na5 Ba8 23. Ba7 d5 24. Bxb8 Rxb8 25. Qa7 Rd8 26. Qb6 Rc8 27. e5 Ng6
28. Ba6 1-0

[Event "SF Katernberg 2 - SV Mülheim-Nord 2"]
[Site "Oberliga NRW 2012/2013"]
[Date "2013.01.20"]
[Round "5.6"]
[White "Wessendorf, Thomas"]
[Black "Bus, Tom"]
[Result "1-0"]
[WhiteElo "2206"]
[BlackElo "2102"]
[PlyCount "47"]
[EventDate "2013.??.??"]
[WhiteTeam "SF Katernberg 2"]
[BlackTeam "SV Mülheim-Nord 2"]

1. e4 c5 2. Nf3 Nc6 3. Nc3 d6 4. Bb5 Bd7 5. O-O Nf6 6. Re1 e6 7. d4 cxd4 8.
Nxd4 Qc7 9. Bg5 Be7 10. Qd2 a6 11. Bxc6 Bxc6 12. Rad1 O-O 13. Nxc6 Qxc6 14. Qf4
Rad8 15. Rd3 b5 16. Rg3 Kh8 17. Qh4 Rfe8 18. Rh3 Kg8 19. Bxf6 Bxf6 20. Qxh7+
Kf8 21. Nd5 exd5 22. Qh8+ Ke7 23. exd5+ Be5 24. Qh4+ 1-0

[Event "SF Katernberg 2 - SV Mülheim-Nord 2"]
[Site "Oberliga NRW 2012/2013"]
[Date "2013.01.20"]
[Round "5.7"]
[White "Wittenberg, Andreas"]
[Black "Valkyser, Martin"]
[Result "1/2-1/2"]
[WhiteElo "2107"]
[BlackElo "2180"]
[Annotator "Doe,John"]
[PlyCount "121"]
[EventDate "2013.??.??"]
[WhiteTeam "SV Mülheim-Nord 2"]
[BlackTeam "SF Katernberg 2"]

1. d4 Nf6 2. Nf3 c5 3. d5 d6 4. Nc3 e5 5. e4 Be7 6. h3 Nbd7 7. Be2 Nf8 8. Be3
Ng6 9. Qd2 a6 10. a4 b6 11. O-O O-O 12. Rfe1 Bd7 13. Rab1 b5 14. axb5 axb5 15.
b4 c4 16. Ra1 Qc7 17. Nh2 Qb7 18. Ng4 Rfb8 19. Nxf6+ Bxf6 20. Bg4 Be8 21. Reb1
$11 Ra6 22. Qc1 Rba8 23. g3 Bd8 24. Rxa6 Rxa6 25. Ra1 Ne7 26. Rxa6 Qxa6 27. f4
exf4 28. gxf4 Ng6 29. Bd4 Bb6 30. Qe3 Bxd4 31. Qxd4 Nxf4 32. e5 h5 33. Qxf4
hxg4 34. Kh2 Qa1 35. Qe3 dxe5 36. Qxe5 Bd7 37. hxg4 Bxg4 38. Qe3 Qa3 39. Qe8+
Kh7 40. Nxb5 Qh3+ 41. Kg1 Bf3 42. Kf2 Qg2+ 43. Ke1 Bxd5 44. Qe5 Bf3 45. Nd4 Be4
46. c3 Qg1+ 47. Kd2 Qf2+ 48. Ne2 Bd3 49. b5 g6 50. Qe3 Qh2 51. Ke1 Bxe2 52.
Qxe2 Qg1+ 53. Qf1 Qe3+ 54. Kd1 Qxc3 55. Qxf7+ Kh6 56. Qf4+ Kg7 57. Qc7+ Kh6 58.
Qh2+ Kg7 59. Qc7+ Kh6 60. Qh2+ Kg7 61. Qc7+ 1/2-1/2

[Event "SF Katernberg 2 - SV Mülheim-Nord 2"]
[Site "Oberliga NRW 2012/2013"]
[Date "2013.01.20"]
[Round "5.8"]
[White "Imcke, Patrick"]
[Black "Krueger, Andre"]
[Result "1-0"]
[WhiteElo "1998"]
[BlackElo "2108"]
[PlyCount "81"]
[EventDate "2013.??.??"]
[WhiteTeam "SF Katernberg 2"]
[BlackTeam "SV Mülheim-Nord 2"]

1. e4 c6 2. d4 d5 3. e5 c5 4. dxc5 e6 5. Be3 Nd7 6. Bb5 Qa5+ 7. Nc3 a6 8. Bxd7+
Bxd7 9. a3 Qc7 10. Nf3 Ne7 11. Qd2 Nf5 12. b4 Nxe3 13. Qxe3 Be7 14. O-O O-O 15.
Ne2 Rab8 16. c3 b6 17. cxb6 Qxb6 18. Nfd4 f6 19. f4 Rbc8 20. Kh1 fxe5 21. fxe5
Qb8 22. Rae1 Rxf1+ 23. Rxf1 Rf8 24. Rf3 Qe8 25. Rxf8+ Qxf8 26. Nf3 Qb8 27. h3
Qb7 28. Nc1 Qb5 29. Nb3 Qc4 30. Qa7 Qc8 31. Nfd4 Kf7 32. Nc5 Bb5 33. Ndxe6 g6
34. Nd4 Bc4 35. e6+ Kf6 36. Nd7+ Kg7 37. a4 Kh6 38. b5 axb5 39. axb5 Qh8 40. b6
Bd6 41. b7 1-0

[Event "SV Wattenscheid 2 - SC Hansa Dortmund 2"]
[Site "Oberliga NRW 2012/2013"]
[Date "2013.01.20"]
[Round "5.1"]
[White "Karger, Frank"]
[Black "Henrichs, Thomas"]
[Result "0-1"]
[WhiteElo "2233"]
[BlackElo "2503"]
[PlyCount "80"]
[EventDate "2013.??.??"]
[WhiteTeam "SC Hansa Dortmund 2"]
[BlackTeam "SV Wattenscheid 2"]

1. d4 Nf6 2. c4 e6 3. Nc3 Bb4 4. e3 O-O 5. Nge2 c6 6. a3 Ba5 7. b4 Bc7 8. e4 d5
9. e5 Ne8 10. Ng3 f6 11. exf6 Qxf6 12. Be3 Nd6 13. c5 Nf5 14. Nxf5 exf5 15. Be2
f4 16. Bc1 Qg6 17. Kf1 Bf5 18. Ra2 Nd7 19. f3 Qf6 20. Qd2 Rae8 21. Nd1 Re7 22.
Nf2 Rfe8 23. Qd1 Nf8 24. Rd2 Re3 25. Bb2 Ng6 26. Rg1 Qh4 27. Rh1 Qe7 28. Rg1
Nh4 29. Bc1 Bc8 30. Ra2 Nf5 31. Ng4 Re6 32. Nf2 Qh4 33. Rh1 Bd8 34. Kg1 Bf6 35.
Rd2 Nxd4 36. Rxd4 Rxe2 37. g3 fxg3 38. Rxh4 gxf2+ 39. Kg2 f1=Q+ 40. Kxf1 Bxh4
0-1

[Event "SV Wattenscheid 2 - SC Hansa Dortmund 2"]
[Site "Oberliga NRW 2012/2013"]
[Date "2013.01.20"]
[Round "5.2"]
[White "Mladenov, Svetlin"]
[Black "Rumpf, Thomas"]
[Result "1-0"]
[WhiteElo "2377"]
[BlackElo "2085"]
[PlyCount "83"]
[EventDate "2013.??.??"]
[WhiteTeam "SV Wattenscheid 2"]
[BlackTeam "SC Hansa Dortmund 2"]

1. e4 e5 2. Nf3 Nc6 3. Bb5 a6 4. Ba4 Nf6 5. d3 d6 6. c3 Be7 7. Nbd2 O-O 8. Nf1
b5 9. Bc2 d5 10. Qe2 Re8 11. Ng3 Bf8 12. O-O h6 13. Re1 dxe4 14. dxe4 Be6 15.
h3 Rb8 16. Nd2 g6 17. a4 Kh7 18. Bd3 Bd7 19. axb5 axb5 20. b4 Bd6 21. Nb3 Ne7
22. Be3 Qc8 23. Ba7 Rb7 24. Nc5 Bxc5 25. Bxc5 c6 26. Bd6 Neg8 27. Red1 Kg7 28.
Qe3 Nh7 29. c4 f6 30. cxb5 cxb5 31. Rdc1 Qd8 32. Ra7 Rxa7 33. Qxa7 Re6 34. Bc5
Kh8 35. Be2 Be8 36. Rd1 Qc8 37. Bg4 Ng5 38. Rd6 f5 39. exf5 Rxd6 40. Bxd6 Qc1+
41. Kh2 Qf4 42. Qb8 1-0

[Event "SV Wattenscheid 2 - SC Hansa Dortmund 2"]
[Site "Oberliga NRW 2012/2013"]
[Date "2013.01.20"]
[Round "5.3"]
[White "Sundorf, Jannik"]
[Black "Tereick, Benjamin"]
[Result "1/2-1/2"]
[WhiteElo "2112"]
[BlackElo "2373"]
[Annotator "Doe,John"]
[PlyCount "78"]
[EventDate "2013.??.??"]
[WhiteTeam "SC Hansa Dortmund 2"]
[BlackTeam "SV Wattenscheid 2"]

1. d4 d5 2. c4 dxc4 3. Nf3 Nf6 4. e3 e6 5. Bxc4 a6 6. a4 b6 7. O-O Bb7 8. Nc3
Bb4 9. Qe2 Nbd7 10. Rd1 Qe7 11. Bd3 Bd6 12. e4 e5 13. dxe5 Nxe5 14. Nxe5 Bxe5
15. f4 Bd4+ 16. Kh1 Bxc3 17. bxc3 Nxe4 18. Ba3 Nc5 19. Re1 Qxe2 20. Rxe2+ Kf8
21. a5 Rd8 22. Bc4 g6 23. h3 Kg7 24. Bxc5 bxc5 25. Re7 Bd5 $11 26. Bxa6 Ra8 27.
Bf1 Ra7 28. Re5 c6 29. c4 f6 30. Re3 Bf7 31. a6 Rha8 32. Rea3 Be6 33. Ra5 $11
Bc8 34. Rxc5 Rxa6 35. Rxa6 Rxa6 36. g4 Kf8 37. Bg2 Bd7 38. g5 Ke7 39. gxf6+
Kxf6 1/2-1/2

[Event "SV Wattenscheid 2 - SC Hansa Dortmund 2"]
[Site "Oberliga NRW 2012/2013"]
[Date "2013.01.20"]
[Round "5.4"]
[White "Souleidis, Georgios"]
[Black "Rempel, Eugen"]
[Result "1-0"]
[WhiteElo "2369"]
[BlackElo "2119"]
[PlyCount "145"]
[EventDate "2013.??.??"]
[WhiteTeam "SV Wattenscheid 2"]
[BlackTeam "SC Hansa Dortmund 2"]

1. e4 e5 2. Nf3 Nc6 3. Bc4 Nf6 4. d3 Bc5 5. c3 d6 6. Bb3 a6 7. Nbd2 Ba7 8. h3
O-O 9. O-O h6 10. Re1 Be6 11. Bc2 Qd7 12. Nf1 Rad8 13. Ng3 Ne7 14. d4 Ng6 15.
Kh2 c6 16. a4 Bb8 17. a5 d5 18. dxe5 Nxe4 19. Bxe4 dxe4 20. Qxd7 Rxd7 21. Nxe4
Nxe5 22. Nxe5 Bxe5+ 23. Kg1 Bd5 24. Nc5 Re7 25. Be3 Rfe8 26. Red1 f5 27. Nd3
Bc7 28. b4 g5 29. Bb6 Bb8 30. Rac1 Bb3 31. Re1 Bc4 32. Rxe7 Rxe7 33. Nb2 Bf4
34. Rd1 Be2 35. Rd8+ Kh7 36. Bc5 Rf7 37. f3 Bc1 38. Nd3 Bxd3 39. Rxd3 f4 40.
Rd1 Bb2 41. Bd4 Re7 42. Kf2 Kg6 43. Rb1 Ba3 44. Re1 Rd7 45. Re6+ Kh5 46. Re4
Rd5 47. Ke2 c5 48. Bxc5 Bb2 49. Bd4 Rd7 50. Kd3 Kh4 51. Kc2 Kg3 52. Kxb2 Kxg2
53. Re6 Rh7 54. Rg6 Kxf3 55. Bg7 Ke4 56. Bxh6 Kf5 57. Rxg5+ Kf6 58. Rg4 Rxh6
59. Rxf4+ Ke6 60. h4 Kd6 61. Kb3 Kc6 62. Rg4 Kc7 63. Kc4 Kc6 64. Kd4 Kd6 65.
Ke4 Ke6 66. Kf4 Kf6 67. Kg3 Rh7 68. Rg5 Re7 69. Rc5 Rg7+ 70. Kf4 Rg1 71. Rc7
Rc1 72. h5 Rh1 73. Rxb7 1-0

[Event "SV Wattenscheid 2 - SC Hansa Dortmund 2"]
[Site "Oberliga NRW 2012/2013"]
[Date "2013.01.20"]
[Round "5.5"]
[White "Linker, Walter"]
[Black "Straeter, Timo"]
[Result "0-1"]
[WhiteElo "2026"]
[BlackElo "2350"]
[Annotator "Doe,John"]
[PlyCount "72"]
[EventDate "2013.??.??"]
[WhiteTeam "SC Hansa Dortmund 2"]
[BlackTeam "SV Wattenscheid 2"]

1. f4 d5 2. Nf3 Nf6 3. e3 Bg4 4. b3 Nbd7 5. Bb2 e6 6. Be2 Bxf3 7. Bxf3 Bd6 8.
d4 Qe7 9. O-O c5 10. c4 O-O 11. Nd2 Rac8 12. Rc1 cxd4 13. Bxd4 Ba3 14. Rc2 Bc5
15. Qa1 b5 16. Rfc1 Ba3 17. Bb2 dxc4 18. bxc4 e5 19. cxb5 Rxc2 20. Rxc2 exf4
21. e4 Bxb2 22. Qxb2 Ne5 23. Rc3 Qd6 24. Kh1 Nd3 25. Qc2 Nf2+ 26. Kg1 N2g4 27.
h3 Ne5 28. a4 $11 Qd4+ 29. Kh1 Qf2 30. Rc8 g5 31. Rxf8+ Kxf8 32. Qc3 Qe1+ 33.
Kh2 g4 34. hxg4 Nexg4+ 35. Bxg4 Nxg4+ 36. Kh3 Nf2+ 0-1